LDR 00653naa#a2200181#i#450# 001 EN\\bibl\120389 005 20260418140914.6 011 ## _a2409-1073 100 ## _a20240620b2024####ek#y0engy0150####ca 102 ## _aRU 200 1# _aInternal factors of personal self-development in the philosophical dimension _eJournal article 210 1# _aMoscow _cNational Research University of Electronic Technology _d2024 215 ## _a0 с. 608 ## _aJournal article _2local 675 ## _aЛичность и призвание (назначение) философов. 101.9 _z 700 #1 _aAndriyenko _gElena Vladimirovna 700 #1 _aRomanova _gAnna S. 856 4# _aesgi-journal.ru _u